000
00302nam a22001217a 4500
082
_a
823
_b
STI/G
245
_a
GOOSEBUMP: VAMPIRE BREATH
246
_a
GOOSEBUMP: VAMPIRE BREATH
_b
GOOSEBUMP: VAMPIRE BREATH
260
_a
NEW YORK
_b
SCHOLASTIC
_c
2023
300
_a
72
650
_a
ENGLISH STORY
942
_c
BK
999
_c
9186
_d
9186